Normal view MARC view
  • Pulido Cardozo, Oscar Antonio

Entry Nombre Personal

Number of records used in: 1

001 - NUMERO DE CONTROL

  • campo de control: 47599

003 - IDENTIFICADOR DE NUMERO DE CONTROL

  • campo de control: UPN

005 - FECHA Y HORA DE LA ÜLTIMA TRANSACCIÓN

  • campo de control: 20230111130711.0

008 - DATOS DE LONGITUD FIJA

  • campo de control de longitud fija: 230111|| acn||aabn | a|a d

024 ## - OTROS IDENTIFICADORES NORMALIZADOS

  • Fuente: orcid
  • Número normalizado o código: 0000-0001-9813-6907

040 ## - FUENTE DE CATALOGACIÓN

  • Agencia original de catalogación: MX-MxUPN

100 1# - ENCABEZAMIENTO - NOMBRE PERSONAL

  • Nombre personal: Pulido Cardozo, Oscar Antonio

370 ## - LUGAR ASOCIADO

  • Place of birth: Colombia

371 ## - DIRECCIÓN

  • Electronic mail address: oscar.pulido@fuac.edu.co

372 ## - CAMPO DE ACTIVIDAD

  • Field of activity: Matemáticas, tecnologías aplicadas a la educación
  • Field of activity: Docencia

373 ## - GRUPO ASOCIADO

  • Associated group: Fundación Universidad Autónoma de Colombia

374 ## - OCUPACIÓN

  • Occupation: Maestro en tecnologías aplicadas a la educación
  • Occupation: Profesor universitario

375 ## - GÉNERO

  • Gender: masculino

377 ## - LENGUA ASOCIADA

  • Language code: spa

400 1# - VEÁSE - NOMBRE DE PERSONA

  • Personal name: Pulido Cardozo, O. A.

670 ## - FUENTE EN LA QUE SE LOCALIZARON DATOS

  • Cita de la fuente: En recurso en línea Academia y virtualidad, Vol. 13, no. 1 (2020):
  • Información localizada: página 37 (Oscar Antonio Pulido Cardozo)
  • Uniform Resource Identifier: https://revistas.unimilitar.edu.co/index.php/ravi/article/view/3713/3738

902 ## - CATALOGADOR

  • Catalogador: RGJD/110123